| 000 | 00686nam a22001937a 4500 | ||
|---|---|---|---|
| 999 |
_c177210 _d177210 |
||
| 005 | 20210217172017.0 | ||
| 010 | _aB-736872 | ||
| 020 | _c460.00 | ||
| 035 | _aB-736872 | ||
| 037 | _bGift/Eng/03-02-2021 | ||
| 082 | _a621.8 | ||
| 100 | _aGarg, S.K. | ||
| 245 |
_aWorkshop technology: _bmanufacturing processes / _cby S.K. Garg |
||
| 260 |
_aNew Delhi _bUniversity Science Press _c2013 |
||
| 270 |
_a113, Golden House, Daryaganj _bNew Delhi _e110002 |
||
| 300 |
_axxiii, 542p.: _c24cm(pbk) _bill. |
||
| 942 |
_2ddc _cEN _mGAR _h621.8 |
||